Plan de intervención para la elaboración de recursos de aprendizaje con materiales del medio en apoyo al proceso enseñanza aprendizaje de la Química en el Liceo Francisco Henríquez y Carvajal, Distrito 16-01 / María Magdalena Borgen Hilario, Rockilania Belén Belén, Glendy Margarita Cruz López ; asesor Marién Emilio Acosta (Registro nro. 19224)

Detalles MARC
000 -LEADER
fixed length control field 01282nam a22002411a 4500
001 - CONTROL NUMBER
control field 19224
003 - CONTROL NUMBER IDENTIFIER
control field OSt
005 - DATE AND TIME OF LATEST TRANSACTION
control field 20260204212445.0
008 - FIXED-LENGTH DATA ELEMENTS--GENERAL INFORMATION
fixed length control field 190330s2019||||dr ||||||b||||||||||spa||
090 ## - LOCALLY ASSIGNED LC-TYPE CALL NUMBER (OCLC); LOCAL CALL NUMBER (RLIN)
Classification number (OCLC) (R) ; Classification number, CALL (RLIN) (NR) ESP-QUI 2019 B67
100 1# - ASIENTO PRINCIPAL -- NOMBRE PERSONAL
Personal name Brogen Hilario, María Magdalena
Relator term sustentante
245 1# - TÍTULO PROPIAMENTE DICHO: SUBTÍTULO
Title Plan de intervención para la elaboración de recursos de aprendizaje con materiales del medio en apoyo al proceso enseñanza aprendizaje de la Química en el Liceo Francisco Henríquez y Carvajal, Distrito 16-01 / María Magdalena Borgen Hilario, Rockilania Belén Belén, Glendy Margarita Cruz López ; asesor Marién Emilio Acosta
260 ## - PUBLICATION, DISTRIBUTION, ETC.
Place of publication, distribution, etc. Cotuí, Republica Dominicana :
Name of publisher, distributor, etc. UTECO,
Date of publication, distribution, etc. 2019
300 ## - PHYSICAL DESCRIPTION
Extensión IV, 39 hojas :
502 ## - THESIS NOTE
Dissertation note Tesis (Especialidad en Química con Orientación a la Enseñanza)--Universidad Tecnológica del Cibao Oriental, 2019
504 ## - BIBLIOGRAPHY, ETC. NOTE
Bibliography, etc. note Incluye referencia bibliográfica e índice
650 #4 - ASIENTO SECUNDARIO DE MATERIA -- TERMINO TOPICO
Asiento secundario de materia Recursos de aprendizaje--Especialidad en Química con Orientación a la Enseñanza
700 1# - ASIENTO SECUNDARIO -- NOMBRE PERSONAL
Personal name Belén Belén, Rockilania
Relator term sustentante
700 1# - ASIENTO SECUNDARIO -- NOMBRE PERSONAL
Personal name Cruz López, Glendy Margarita
Relator term sustentante
700 1# - ASIENTO SECUNDARIO -- NOMBRE PERSONAL
Personal name Acosta, Marien Emilio
Relator term asesor
830 ## - ASIENTO SECUNDARIO DE SERIE - TÍTULO UNIFORME
Uniform title Tesis y disertaciones académicas (Universidad Tecnológica del Cibao Oriental)
942 ## - ADDED ENTRY ELEMENTS (KOHA)
Source of classification or shelving scheme Clasificación Local
Koha item type Tesis
Existencias
Withdrawn status Lost status Source of classification or shelving scheme Damaged status Not for loan Collection code Home library Current library Shelving location Date acquired Inventory number Total Checkouts Full call number Barcode Date last seen Copy number Price effective from Koha item type
    Clasificación Local   Préstamo Interno Referencia Dominicana   Biblioteca UTECO En Estantería 09/09/2019 PGE-2019-001   ESP-QUI 2019 B67 PGE-2019-001 09/09/2019 Ej.1 09/09/2019 Tesis
© 2021 Derechos Reservados UTECO - Teléfono: +1 809-585-2291 - Correo electrónico: biblioteca@uteco.edu.do​  
Código postal 43000 ​​
Dirección: Avenida Universitaria No. 100, 
Cotuí, Provincia Sánchez Ramírez, República Dominicana - RNC: 404-00059-6